000 00239nam a2200109Ia 4500
008 190216s9999||||xx |||||||||||||| ||und||
100 _aYama Saraj
245 0 _aHindi-Jiloos
260 _bLipi Prakasan Pub
650 _aHindi
942 _cBK
999 _c15485
_d15485